000 00343nam a22001337a 4500
008 241127b |||||||| |||| 00| 0 eng d
020 _a0312406304
050 _aPE 645
_b.K57
100 _aKirszner G.Laurie
245 _aWriting in context paragraphs and essays
260 _aBoston
_b Bedford/St. Mortins
_c2003
300 _a701
942 _cBK
999 _c1806
_d1806